ბათუმის შოთა რუსთაველის სახელმწიფო უნივერსიტეტის ბიბლიოთეკა

ბერძნული ზმნა ძველქართულ თარგმანებში (ბიბ.ჩანაწერი № 51133)

000 -LEADER
fixed length control field 01069nam a2200265Ia 4500
001 - CONTROL NUMBER
control field 18090
003 - CONTROL NUMBER IDENTIFIER
control field GE_BSU
008 - FIXED-LENGTH DATA ELEMENTS--GENERAL INFORMATION
fixed length control field 181216s||||||||xx |||||||||||||| ||und||
020 ## - INTERNATIONAL STANDARD BOOK NUMBER
International Standard Book Number 99940-31-50-3
040 ## - CATALOGING SOURCE
Transcribing agency GE_BSU
080 ## - UNIVERSAL DECIMAL CLASSIFICATION NUMBER
Universal Decimal Classification number 811.14'06'367.625
100 ## - MAIN ENTRY--PERSONAL NAME
Personal name გიორგობიანი, თინათინ
245 ## - TITLE STATEMENT
Title ბერძნული ზმნა ძველქართულ თარგმანებში
245 ## - TITLE STATEMENT
Statement of responsibility, etc. რედ. ი.გაგუა, ნ. ტონია
260 ## - PUBLICATION, DISTRIBUTION, ETC.
Place of publication, distribution, etc. თბილისი
260 ## - PUBLICATION, DISTRIBUTION, ETC.
Name of publisher, distributor, etc. ლოგოსი
260 ## - PUBLICATION, DISTRIBUTION, ETC.
Date of publication, distribution, etc. 2005
300 ## - PHYSICAL DESCRIPTION
Extent 155 გვ. ; 20 სმ
300 ## - PHYSICAL DESCRIPTION
Accompanying material შემოკლ. განმარტ.: გვ. 3
520 ## - SUMMARY, ETC.
Summary, etc. რეზ. ინგლ. ენ.
653 ## - INDEX TERM--UNCONTROLLED
Uncontrolled term ბერძნული ზმნა ძველქართულ თარგმანებში
653 ## - INDEX TERM--UNCONTROLLED
Uncontrolled term ზმნა ბერძნულ ენაში; ბერძნული ზმნის გადმოცემა ქართულად;
942 ## - ADDED ENTRY ELEMENTS (KOHA)
Koha item type წიგნი
ეგზემპლარები
Withdrawn status Lost status Damaged status Not for loan Date acquired Barcode Date last seen Price effective from Koha item type
        2018-12-17 46151 2018-12-17 2018-12-17 წიგნი